000 00695nam a22002057a 4500
001 114260
003 DR-UNIBE
005 20260112105327.0
008 251202b2006 dr ||||| |||| 00| 0 spa d
040 _aBIBLIOTECA UNIBE
_cBIBLIOTECA UNIBE
_erda
041 _aspa
082 _aF-RD 6021
245 1 3 _aGuía de la jurisdicción inmobiliaria :
_bdirectorio de los tribunales, registros de títulos, mensuras, abogados del estado e información general
250 _aNueva edición 2006
260 _aSanto Domingo :
_bBrache & Asociados,
_c2006
300 _a28 paginas :
_bilustraciones
650 7 _2lemb
_aDerecho inmobiliario
_934938
653 0 0 _aTribunal de tierra
942 _2ddc
_cMX
999 _c114260
_d114260